000 01041cam a2200253 4500
002 6868
008 030318n2003 000 0 eng u
020 _a1873394500
035 _a(Sirsi) u121661
041 _aeng.
100 _aOxley, Richard
245 _aSurvey and repair of traditional buildings: a sustainable approach
260 _aDonhead
_bDonhead
_c2003
300 _axv, 202p.
_bill.
_c28cm.
350 _a39.50
520 _aHighlights the factors to be taken into account when surveying and repairing traditional buildings. Emphasizes the approach required to achieve sustainable solutions. Includes case studies illustrating good conservation in practice, along with the problems that can be encountered and how to overcome these.
650 _aTRADITIONAL BUILDINGS
650 _aBUILDING REPAIRS
650 _aSUSTAINABLE CONSERVATION
650 _aSURVEYING METHODS
650 _aSUSTAINABLE BUILDING
690 _aBUILT ENVIRONMENT-BUILDING MAINTENANCE AND REFURBISHMENT-BUILDING CONSERVATION
942 _n0
999 _c102694
_d102694